000 04009nab a2200397 i 4500
003 BR-BrBNA
005 20250307133309.0
008 250307b2016 bl.|r|pooa||| 00| 0 eng |
040 _aBR-BrBNA
_beng
072 _aQ03
_b9410
100 _aPicinin, L.C.A.
100 _aToaldo, I.M.
100 _aHoff, R.B.
100 _aSouza, F.N.
100 _a Leite, M.O.
100 _aFonseca, L.M.
100 _aDiniz, S.A.
100 _aSilva, M.X.
100 _aHaddad, J.P.A.
100 _aCerqueira, M.M.O.P.
100 _a Luiz, M.T.B.
245 _aClimate conditions associated with the occurrence of pyrethroid residues in bulk milk tank
500 _a Publicação online; 22 ref.; Summaries (En, Pt)
520 _a ABSTRACT - The present study attempted to identify climate conditions that are associated with the occurrence of pyrethroid residues using a multivariate principal component analysis (PCA). A total of 132 raw milk samples were collected from dairy farms in Minas Gerais State - Brazil and analyzed for seven analytes using gas chromatography with electron capture detection. Of the 132 milk samples, pyrethroid residues were identified in 14 (10.6%) milk samples, of which 12 (9.1%) and two (1.5%) milk samples had the identification of cypermethrin and deltamethrin, respectively. From those samples, nine (6.8%) milk samples were regarded as non-compliant for cypermethrin with this analyte concentration above the maximum residue limits set by Brazilian legislation. A PCA assessing pyrethroid residues in bulk tank milk demonstrated that the average temperature and the Temperature-Humidity Index were associated with pyrethroids residues in bulk milk tank, although the relative humidity was inversely correlated. Thus, the data analysis indicated that the pyrethrid residues associated with some climate conditions can predict the moments with higher risk of occurrence of pyrethroid residues in bulk tank milk. Keywords: veterinary drug, pesticide, raw milk, seasonality, dairy cow
520 _a RESUMO - O presente trabalho objetivou identificar fatores climáticos associados à ocorrência de resíduos de piretroides em amostras de leite de tanque por análise multivariada de componentes principais (ACP). Para o presente trabalho, 132 amostras de leite cru foram coletadas em fazendas leiteiras localizadas no estado de Minas Gerais (Brasil) e analisadas por sete analitos por cromatografia gasosa com detector por captura de eletróns para detecção de resíduos de piretroides. Das 132 amostras de leite analisadas, a presença de resíduos de piretroides foi detectada em 14 amostras (10,6%), e em 12 (9,1%) e duas (1,5%) foram detectados cipermetrina e deltametrina, respectivamente. Destas amostras, em nove (6,8%) a concentração de cipermetrina encontrada foi maior que a permitida pela legislação brasileira. A ACP demonstrou que a presença de resíduos de piretroides no leite de tanque ocorreu menos frequentemente nos dias com maior umidade relativa, embora a presença desses resíduos estivesse associada a maior temperatura média e a maior índice de temperatura e umidade. Dessa forma, conclui-se que alguns índices climáticos podem predizer períodos com maior risco de ocorrência de resíduos de piretroides no leite de tanque. Palavras-chave: medicamento veterinário, pesticida, leite cru, sazonalidade, bovino leiteiro
650 _aGADO LEITEIRO
650 _aLEITE CRU
650 _aMEDICAMENTO
650 _aPESTICIDA
650 _aCONDIÇÃO AMBIENTAL
650 _aSEGURANÇA ALIMENTAR
773 0 _01643
_9348216
_dBelo Horizonte-MG Universidade Federal de Minas Gerais - Escola de Veterinaria 1983
_o2025-0705
_tArquivo Brasileiro de Medicina Veterinária e Zootecnia (Brazil)
_x0102-0935
_gv. 68(6) p. 1721-1726; (2016)
_wBR2024004645
856 _uhttps://www.scielo.br/j/abmvz/a/ccD3ZVRpZv5cRhFRgsgstFS/?format=pdf&lang=en
942 _cANA
999 _c330262
_d330262